[Event "Oberliga Baden 1920"]
[Site "Baden"]
[Date "2019.10.20"]
[Round "2.6"]
[White "Lutz, Andreas"]
[Black "Kettner, Juergen"]
[Result "1-0"]
[WhiteElo "2056"]
[BlackElo "2232"]
[PlyCount "115"]
[EventDate "2019.09.29"]
[EventType "team-tourn"]
[EventRounds "9"]
[EventCountry "GER"]
[SourceTitle "CBM 195 Extra"]
[Source "ChessBase"]
[SourceDate "2020.05.31"]
[SourceVersion "1"]
[SourceVersionDate "2020.05.31"]
[SourceQuality "1"]
[WhiteTeam "Dreilaendereck"]
[BlackTeam "Buchen"]
[WhiteTeamCountry "GER"]
[BlackTeamCountry "GER"]

1. Nf3 c5 2. c4 g6 3. Nc3 Bg7 4. g3 Nc6 5. Bg2 d6 6. d3 Rb8 7. 0-0 a6 8. Ng5 Nh6 9. Rb1 Bd7 10. Nge4 b5 11. Bf4 Nf5 12. h3 Be5 13. Bxe5 Nxe5 14. b3 0-0 15. Qd2 f6 16. e3 Qc8 17. Nd5 Rf7 18. f4 Nc6 19. Qf2 a5 20. g4 Ng7 21. Qh4 Ne8 22. Kh2 Nb4 23. Nxb4 axb4 24. Qh6 bxc4 25. bxc4 Ra8 26. Rb2 Ra3 27. Rd2 Bc6 28. f5 gxf5 29. Rxf5 Rg7 30. Rdf2 Rg6 31. Rg5 Ng7 32. Rxg6 hxg6 33. Qxg6 Qe8 34. Qxe8+ Bxe8 35. Rd2 Bg6 36. Nf2 f5 37. Kg3 Kf7 38. Bf3 Kf6 39. h4 e5 40. h5 Bh7 41. Kh4 fxg4 42. Nxg4+ Ke7 43. h6 Nf5+ 44. Kg5 Nxh6 45. Nxh6 Rxd3 46. Rf2 Rc3 47. Bd5 Bb1 48. Rf7+ Kd8 49. Ra7 Ra3 50. Nf7+ Kc8 51. Nxd6+ Kd8 52. Rxa3 bxa3 53. Nb7+ Ke7 54. Nxc5 Bxa2 55. e4 Bb1 56. Nb3 Bc2 57. c5 a2 58. Na1 1-0

[Event "Oberliga Baden 1819"]
[Site "Baden"]
[Date "2019.03.24"]
[Round "8.8"]
[White "Guenthner, Oliver"]
[Black "Kettner, Juergen"]
[Result "1/2-1/2"]
[WhiteElo "2193"]
[BlackElo "2255"]
[PlyCount "32"]
[EventDate "2018.10.21"]
[EventType "team-tourn"]
[EventRounds "9"]
[EventCountry "GER"]
[SourceTitle "EXT 2020"]
[Source "ChessBase"]
[SourceDate "2019.10.17"]
[SourceVersion "1"]
[SourceVersionDate "2019.10.17"]
[SourceQuality "1"]
[WhiteTeam "Hockenheim II"]
[BlackTeam "Buchen"]
[WhiteTeamCountry "GER"]
[BlackTeamCountry "GER"]

1. Nf3 g6 2. e4 Bg7 3. d4 d6 4. Bc4 e6 5. 0-0 Ne7 6. Be3 a6 7. a4 b6 8. Qd2 h6 9. Nc3 Nd7 10. Rfe1 Bb7 11. h3 Nf6 12. d5 e5 13. Nh2 g5 14. Bf1 Qd7 15. Qe2 0-0 16. g3 Rab8 1/2-1/2

[Event "Oberliga Baden 1819"]
[Site "Baden"]
[Date "2019.02.24"]
[Round "7.8"]
[White "Wiechert, Hans"]
[Black "Kettner, Juergen"]
[Result "1-0"]
[WhiteElo "2177"]
[BlackElo "2255"]
[PlyCount "101"]
[EventDate "2018.10.21"]
[EventType "team-tourn"]
[EventRounds "9"]
[EventCountry "GER"]
[SourceTitle "EXT 2020"]
[Source "ChessBase"]
[SourceDate "2019.10.17"]
[SourceVersion "1"]
[SourceVersionDate "2019.10.17"]
[SourceQuality "1"]
[WhiteTeam "Untergrombach"]
[BlackTeam "Buchen"]
[WhiteTeamCountry "GER"]
[BlackTeamCountry "GER"]

1. d4 e6 2. c4 f5 3. g3 Nf6 4. Bg2 d5 5. Nf3 c6 6. 0-0 Bd6 7. Qc2 0-0 8. Nc3 Bd7 9. Rb1 b5 10. b3 Be8 11. Kh1 Na6 12. Bf4 Be7 13. Ne5 Rc8 14. Rfd1 Nc7 15. f3 Nh5 16. Bc1 f4 17. g4 Nf6 18. e3 fxe3 19. c5 b4 20. Na4 Nb5 21. Qd3 Nd7 22. Nxc6 Rxc6 23. Qxb5 Rc7 24. Qxb4 h5 25. Bxe3 hxg4 26. fxg4 Nf6 27. h3 Ne4 28. Kg1 Bg6 29. Rf1 Ng3 30. Rxf8+ Bxf8 31. Rb2 Rf7 32. Rf2 Rxf2 33. Bxf2 Ne2+ 34. Kh1 Nf4 35. Bf1 Qf6 36. Qd2 Be4+ 37. Kh2 Be7 38. Nc3 Bh7 39. Bg3 g5 40. c6 Bd6 41. Nb5 Ne2 42. Qxe2 Bxg3+ 43. Kxg3 Qf4+ 44. Kg2 Be4+ 45. Kg1 Qg3+ 46. Bg2 Bxg2 47. Qxg2 Qe3+ 48. Qf2 Qxh3 49. Qe2 Qg3+ 50. Kf1 Qh3+ 51. Ke1 1-0

[Event "Untergrombach op 36th"]
[Site "Untergrombach"]
[Date "2019.01.06"]
[Round "7"]
[White "Ikonnikov, Vyacheslav"]
[Black "Kettner, Juergen"]
[Result "1-0"]
[WhiteElo "2544"]
[BlackElo "2237"]
[PlyCount "67"]
[EventDate "2019.01.02"]
[EventType "swiss"]
[EventRounds "7"]
[EventCountry "GER"]
[SourceTitle "CBM 188 Extra"]
[Source "ChessBase"]
[SourceDate "2019.02.26"]
[SourceVersion "1"]
[SourceVersionDate "2019.02.26"]
[SourceQuality "1"]

1. d4 g6 2. c4 Nf6 3. Nc3 Bg7 4. e4 d6 5. Be2 0-0 6. Nf3 e5 7. d5 a5 8. Be3 Ng4 9. Bg5 f6 10. Bh4 Qe8 11. h3 Nh6 12. Nd2 Na6 13. 0-0 Bd7 14. b3 f5 15. a3 Kh8 16. Rb1 Nc5 17. f3 Nf7 18. Qc2 Bh6 19. b4 axb4 20. axb4 Na4 21. Nb5 Be3+ 22. Bf2 Bxf2+ 23. Rxf2 fxe4 24. Nxe4 Bxb5 25. cxb5 Qe7 26. Rc1 Rfc8 27. f4 Nb6 28. Bg4 Nxd5 29. Bxc8 Rxc8 30. fxe5 Nxe5 31. Qd2 Nb6 32. Qd4 Re8 33. Kh1 h6 34. Rfc2 1-0

[Event "Untergrombach op 36th"]
[Site "Untergrombach"]
[Date "2019.01.05"]
[Round "5"]
[White "Schmidt, Danny"]
[Black "Kettner, Juergen"]
[Result "0-1"]
[WhiteElo "2011"]
[BlackElo "2237"]
[PlyCount "74"]
[EventDate "2019.01.02"]
[EventType "swiss"]
[EventRounds "7"]
[EventCountry "GER"]
[SourceTitle "CBM 188 Extra"]
[Source "ChessBase"]
[SourceDate "2019.02.26"]
[SourceVersion "1"]
[SourceVersionDate "2019.02.26"]
[SourceQuality "1"]

1. d4 g6 2. g3 Bg7 3. Nf3 f5 4. Bg2 Nf6 5. 0-0 0-0 6. c4 d6 7. b3 Na6 8. Bb2 c6 9. Nc3 Bd7 10. d5 Nc7 11. dxc6 Bxc6 12. Nd2 Bxg2 13. Kxg2 Qd7 14. e3 Ne6 15. Qe2 Rac8 16. f3 g5 17. e4 f4 18. Rad1 b5 19. Nd5 fxg3 20. hxg3 h5 21. Nxf6+ Bxf6 22. Bxf6 exf6 23. Qd3 h4 24. e5 Qf7 25. exd6 hxg3 26. Qf5 Rc5 27. Qg4 bxc4 28. Nxc4 Nf4+ 29. Kxg3 Rd8 30. Rfe1 Qg6 31. Kf2 Qh7 32. d7 Qh2+ 33. Kf1 Kf7 34. Nd6+ Kg6 35. Re8 Qh1+ 36. Kf2 Rc2+ 37. Ke3 Re2+ 0-1

[Event "Oberliga Baden 1819"]
[Site "Baden"]
[Date "2018.10.21"]
[Round "1.8"]
[White "Berberich, Christoph"]
[Black "Kettner, Juergen"]
[Result "0-1"]
[WhiteElo "2001"]
[BlackElo "2255"]
[PlyCount "50"]
[EventDate "2018.10.21"]
[EventType "team-tourn"]
[EventRounds "9"]
[EventCountry "GER"]
[SourceTitle "EXT 2020"]
[Source "ChessBase"]
[SourceDate "2019.10.17"]
[SourceVersion "1"]
[SourceVersionDate "2019.10.17"]
[SourceQuality "1"]
[WhiteTeam "Dreisamtal"]
[BlackTeam "Buchen"]
[WhiteTeamCountry "GER"]
[BlackTeamCountry "GER"]

1. d4 d6 2. Nf3 g6 3. e3 Bg7 4. Be2 f5 5. b3 Nh6 6. Bb2 Nd7 7. 0-0 Nf7 8. Qc1 0-0 9. d5 Nf6 10. c4 e5 11. dxe6 Bxe6 12. Nd4 Bd7 13. b4 Qe7 14. Nc3 c6 15. a4 a5 16. bxa5 Rxa5 17. Nb3 Re5 18. g3 Ng4 19. Nd1 f4 20. Bxe5 Bxe5 21. Bxg4 Bxg4 22. f3 Bh3 23. Rf2 fxg3 24. hxg3 Bxg3 25. Raa2 Ne5 0-1

[Event "Baden-Alsace"]
[Site "Karlsruhe"]
[Date "2018.09.16"]
[Round "1.6"]
[White "Kettner, Juergen"]
[Black "Briet, Antoine"]
[Result "0-1"]
[WhiteElo "2266"]
[BlackElo "2228"]
[PlyCount "84"]
[EventDate "2018.09.16"]
[EventType "team-match"]
[EventRounds "1"]
[EventCountry "GER"]
[SourceTitle "EXT 2019"]
[Source "ChessBase"]
[SourceDate "2018.10.10"]
[SourceVersion "1"]
[SourceVersionDate "2018.10.10"]
[SourceQuality "1"]
[WhiteTeam "Baden"]
[BlackTeam "Alsace"]
[WhiteTeamCountry "GER"]
[BlackTeamCountry "FRA"]

1. e4 c5 2. Nf3 e6 3. g3 d5 4. exd5 exd5 5. d4 Nc6 6. Bg2 Nf6 7. 0-0 Be7 8. dxc5 0-0 9. Nbd2 Bxc5 10. Nb3 Bb6 11. Bg5 h6 12. Bxf6 Qxf6 13. c3 Bf5 14. Re1 Rfd8 15. Nfd4 Bg6 16. Qf3 Qd6 17. Rad1 Ne5 18. Qf4 Nd3 19. Qxd6 Rxd6 20. Re2 Rad8 21. Bf3 Rf6 22. Kg2 Bc7 23. Re7 Bb6 24. Rd2 Bxd4 25. Nxd4 Rb6 26. b4 Rc8 27. Bxd5 Rxc3 28. Ne2 Rc8 29. Bxf7+ Kf8 30. Bxg6 Ne1+ 31. Kf1 Kxe7 32. Bf5 Nf3 33. Rd5 Rd8 34. Nf4 Rxb4 35. Rc5 Kf6 36. Nh5+ Ke7 37. Nf4 Rb2 38. Rc7+ Kf6 39. g4 Rd1+ 40. Kg2 Nh4+ 41. Kh3 Nxf5 42. Nh5+ Kg5 0-1

[Event "Oberliga Baden 1718"]
[Site "Baden"]
[Date "2017.10.08"]
[Round "1.8"]
[White "Kettner, Juergen"]
[Black "Bochis, Julia"]
[Result "1-0"]
[WhiteElo "2253"]
[BlackElo "2158"]
[PlyCount "113"]
[EventDate "2017.10.08"]
[EventType "team-tourn"]
[EventRounds "9"]
[EventCountry "GER"]
[SourceTitle "EXT 2019"]
[Source "ChessBase"]
[SourceDate "2018.10.10"]
[SourceVersion "1"]
[SourceVersionDate "2018.10.10"]
[SourceQuality "1"]
[WhiteTeam "Buchen"]
[BlackTeam "Baden-Baden III"]
[WhiteTeamCountry "GER"]
[BlackTeamCountry "GER"]

1. c4 Nf6 2. Nc3 d5 3. cxd5 Nxd5 4. g3 Nb6 5. Bg2 g6 6. h4 h6 7. d3 Bg7 8. Be3 N8d7 9. Nf3 Nf6 10. 0-0 0-0 11. Qd2 Ng4 12. Bc5 Nd7 13. Ba3 c5 14. Rfc1 Rb8 15. Qf4 h5 16. Bxc5 Bh6 17. Ng5 e5 18. Qc4 Nxc5 19. Qxc5 b6 20. Qa3 Bxg5 21. hxg5 Qxg5 22. Ne4 Qd8 23. Qd6 Be6 24. Rc7 Qxd6 25. Nxd6 a5 26. a3 Rfd8 27. Nc4 Rdc8 28. Ra7 Rc5 29. b4 axb4 30. axb4 Rcc8 31. f3 Bxc4 32. fxg4 Be6 33. gxh5 gxh5 34. Bf3 Bg4 35. Bxg4 hxg4 36. Rf1 Rf8 37. Rf6 Kg7 38. Rf5 Rbe8 39. Rg5+ Kf6 40. Rxg4 Kf5 41. Rg7 Kf6 42. Rh7 Kg6 43. Rh4 Rc8 44. Kf2 Rfe8 45. Ke3 Rc2 46. Rd7 Re6 47. Rc4 Rb2 48. Rd5 f5 49. g4 fxg4 50. Rxg4+ Kf5 51. Rh4 Kg5 52. Rc4 Kf6 53. Rb5 Rb3 54. Rh4 Kg7 55. Ke4 Rb2 56. Kd5 Rg6 57. Re4 1-0

[Event "Oberliga Baden 1617"]
[Site "Baden"]
[Date "2017.05.07"]
[Round "9.5"]
[White "Kettner, Juergen"]
[Black "Zichanowicz, Mark"]
[Result "1/2-1/2"]
[WhiteElo "2226"]
[BlackElo "2138"]
[PlyCount "95"]
[EventDate "2016.10.16"]
[EventType "team-tourn"]
[EventRounds "9"]
[EventCountry "GER"]
[SourceTitle "EXT 2018"]
[Source "ChessBase"]
[SourceDate "2017.10.13"]
[SourceVersion "1"]
[SourceVersionDate "2017.10.13"]
[SourceQuality "1"]
[WhiteTeam "Ladenburg"]
[BlackTeam "Waldshut Tiengen"]
[WhiteTeamCountry "GER"]
[BlackTeamCountry "GER"]

1. e4 d5 2. exd5 Qxd5 3. Nc3 Qd6 4. g3 Nf6 5. Bg2 c6 6. Nf3 Bg4 7. 0-0 e6 8. h3 Bxf3 9. Qxf3 Nbd7 10. Re1 Qc7 11. b3 Bd6 12. Bb2 0-0 13. Ne4 Nxe4 14. Rxe4 e5 15. Re2 Rae8 16. d4 exd4 17. Bxd4 Rxe2 18. Qxe2 Be5 19. Bxe5 Qxe5 20. Qxe5 Nxe5 21. Rd1 Re8 22. f4 Ng6 23. Kf2 Kf8 24. b4 Ke7 25. Be4 Nf8 26. h4 h6 27. a4 Rd8 28. Re1 Kf6 29. Ke3 Ne6 30. a5 Nc7 31. c4 Rd6 32. g4 g6 33. Rf1 Rd7 34. g5+ hxg5 35. hxg5+ Ke7 36. Rh1 Na6 37. Rh7 Ke6 38. b5 Nb4 39. Rh8 cxb5 40. cxb5 Nd5+ 41. Kf3 Nc3 42. Re8+ Kd6 43. a6 Nxe4 44. Kxe4 bxa6 45. bxa6 Re7+ 46. Rxe7 Kxe7 47. Ke5 Ke8 48. Kd6 1/2-1/2

[Event "Oberliga Baden 1617"]
[Site "Baden"]
[Date "2017.04.23"]
[Round "8.6"]
[White "Kettner, Juergen"]
[Black "Engel, Berthold"]
[Result "1-0"]
[WhiteElo "2226"]
[BlackElo "2141"]
[PlyCount "71"]
[EventDate "2016.10.16"]
[EventType "team-tourn"]
[EventRounds "9"]
[EventCountry "GER"]
[SourceTitle "EXT 2018"]
[Source "ChessBase"]
[SourceDate "2017.10.13"]
[SourceVersion "1"]
[SourceVersionDate "2017.10.13"]
[SourceQuality "1"]
[WhiteTeam "Ladenburg"]
[BlackTeam "Buchen"]
[WhiteTeamCountry "GER"]
[BlackTeamCountry "GER"]

1. d4 e6 2. e4 d5 3. Nd2 Nf6 4. e5 Ng8 5. Bd3 b6 6. c3 Qd7 7. Qe2 a5 8. Nh3 Ba6 9. Bxa6 Nxa6 10. Nf3 Be7 11. Nf4 c6 12. h4 Nc7 13. Rh3 0-0-0 14. Bd2 Kb7 15. a4 Na6 16. Nd3 Ra8 17. h5 Nh6 18. Kf1 Rhg8 19. Ng5 Bxg5 20. Bxg5 Nf5 21. g4 h6 22. Bd2 Ne7 23. Rf3 Rgf8 24. b3 Rac8 25. b4 axb4 26. cxb4 Ra8 27. b5 Nc7 28. Bb4 cxb5 29. a5 f5 30. exf6 Rxf6 31. Ne5 Qe8 32. Rc3 bxa5 33. Bd6 Rc8 34. Rxa5 Qd8 35. Bxc7 Rxc7 36. Qxb5+ 1-0

[Event "Verbandsliga Nordbaden 1415"]
[Site "Baden"]
[Date "2014.12.14"]
[Round "4.4"]
[White "Bongartz, Philipp"]
[Black "Kettner, Juergen"]
[Result "1/2-1/2"]
[WhiteElo "2141"]
[BlackElo "2229"]
[PlyCount "92"]
[EventDate "2014.10.12"]
[EventType "team-tourn"]
[EventRounds "9"]
[EventCountry "GER"]
[SourceTitle "EXT 2022"]
[Source "ChessBase"]
[SourceDate "2021.10.06"]
[SourceVersion "1"]
[SourceVersionDate "2021.10.06"]
[SourceQuality "1"]
[WhiteTeam "Leimen"]
[BlackTeam "Ladenburg"]
[WhiteTeamCountry "GER"]
[BlackTeamCountry "GER"]

1. e4 c5 2. Nf3 Nc6 3. d4 cxd4 4. Nxd4 g6 5. Nc3 Bg7 6. Nf3 Nf6 7. Bc4 0-0 8. 0-0 d6 9. h3 Na5 10. Bb3 b5 11. Re1 Bb7 12. Nd5 Rc8 13. c3 Re8 14. Nxf6+ Bxf6 15. Bd5 Bxd5 16. exd5 Qb6 17. Be3 Qb7 18. Re2 Nc4 19. a3 Nxe3 20. Rxe3 Rc5 21. Rd3 a5 22. Qd2 b4 23. cxb4 axb4 24. a4 Rec8 25. Rb3 Rc4 26. a5 Ra8 27. Ra4 Qb5 28. Raxb4 Rxb4 29. Rxb4 Qxa5 30. Rb8+ Kg7 31. Rxa8 Qxa8 32. b3 h5 33. Qd3 Qa1+ 34. Kh2 Qb2 35. Kg1 g5 36. g4 Qc1+ 37. Kg2 hxg4 38. hxg4 Qf4 39. Qc4 Qxc4 40. bxc4 Kg6 41. Ne1 Bd4 42. Nd3 e5 43. dxe6 fxe6 44. Kf3 Kf6 45. Ke4 Ba7 46. f3 Bb6 1/2-1/2

[Event "Verbandsliga Nordbaden 1415"]
[Site "Baden"]
[Date "2014.11.23"]
[Round "3.4"]
[White "Dushatskiy, Fedor"]
[Black "Kettner, Juergen"]
[Result "1-0"]
[WhiteElo "2197"]
[BlackElo "2229"]
[PlyCount "105"]
[EventDate "2014.10.12"]
[EventType "team-tourn"]
[EventRounds "9"]
[EventCountry "GER"]
[SourceTitle "EXT 2022"]
[Source "ChessBase"]
[SourceDate "2021.10.06"]
[SourceVersion "1"]
[SourceVersionDate "2021.10.06"]
[SourceQuality "1"]
[WhiteTeam "Hockenheim II"]
[BlackTeam "Ladenburg"]
[WhiteTeamCountry "GER"]
[BlackTeamCountry "GER"]

1. d4 Nf6 2. c4 g6 3. Nc3 Bg7 4. Nf3 0-0 5. Bg5 c5 6. d5 h6 7. Bh4 d6 8. e3 g5 9. Bg3 Nh5 10. Bd3 f5 11. Nd2 Nxg3 12. hxg3 Nd7 13. f4 Nf6 14. Qf3 g4 15. Qe2 e6 16. dxe6 Bxe6 17. 0-0 Re8 18. Rfe1 Qb6 19. Rad1 a6 20. Nf1 Rad8 21. Qc2 Kh8 22. b3 Qa5 23. Rc1 Ng8 24. Nd5 Ne7 25. Nxe7 Rxe7 26. Bxf5 Bxf5 27. Qxf5 Qxa2 28. Qd3 b5 29. cxb5 axb5 30. Rxc5 Qa5 31. Rd1 dxc5 32. Qxd8+ Qxd8 33. Rxd8+ Kh7 34. Rc8 b4 35. Rxc5 Bc3 36. Rc4 Ra7 37. e4 Ra2 38. Ne3 Be1 39. Nxg4 Bxg3 40. Kf1 h5 41. Rc7+ Kg6 42. Ne5+ Kf6 43. Nd3 Ke6 44. Rc4 Rd2 45. Rd4 Kf6 46. Rd6+ Ke7 47. e5 h4 48. f5 Kf8 49. Rd7 Rd1+ 50. Ke2 Rg1 51. Kf3 Rb1 52. e6 Rxb3 53. f6 1-0

[Event "Verbandsliga Nordbaden 1415"]
[Site "Baden"]
[Date "2014.10.12"]
[Round "1.3"]
[White "Kettner, Juergen"]
[Black "Reinhardt, Bernd"]
[Result "1/2-1/2"]
[WhiteElo "2229"]
[BlackElo "2225"]
[PlyCount "143"]
[EventDate "2014.10.12"]
[EventType "team-tourn"]
[EventRounds "9"]
[EventCountry "GER"]
[SourceTitle "EXT 2022"]
[Source "ChessBase"]
[SourceDate "2021.10.06"]
[SourceVersion "1"]
[SourceVersionDate "2021.10.06"]
[SourceQuality "1"]
[WhiteTeam "Ladenburg"]
[BlackTeam "Buchen II"]
[WhiteTeamCountry "GER"]
[BlackTeamCountry "GER"]

1. e4 d6 2. f4 Nf6 3. Nc3 d5 4. e5 d4 5. Nce2 Nd5 6. Nxd4 Nxf4 7. Ndf3 Ng6 8. d4 e6 9. Nh3 c5 10. c3 cxd4 11. cxd4 Nc6 12. Bc4 Nh4 13. 0-0 Nf5 14. Kh1 Be7 15. d5 exd5 16. Bxd5 0-0 17. Bf4 Nfd4 18. Be4 Bf5 19. Nf2 Bxe4 20. Nxe4 Ne6 21. Bg3 Qb6 22. Nd6 Rad8 23. Qa4 Bxd6 24. exd6 Rd7 25. Ne5 Nxe5 26. Bxe5 Rfd8 27. Rad1 Qc5 28. Qe4 Rc8 29. b3 Qc2 30. Qa4 Qc6 31. Qg4 Qb5 32. Rfe1 a6 33. h3 Qc6 34. Re3 Qc2 35. Rg3 f5 36. Qf3 Rc5 37. Re1 g6 38. Ba1 Kf7 39. Qe3 Qe4 40. Qd2 Rxd6 41. Qf2 Rc2 42. Qf1 Qd5 43. Rge3 Rd2 44. Be5 Rc6 45. Bc3 Rxc3 46. Rxc3 b5 47. Rce3 Nf4 48. Rg3 Nd3 49. Re2 Rd1 50. Qxd1 Nf2+ 51. Rxf2 Qxd1+ 52. Kh2 Qd6 53. Rff3 h5 54. h4 Qd4 55. Rh3 Kf6 56. Rc3 Qd6+ 57. Kh1 b4 58. Rc4 a5 59. Re3 g5 60. hxg5+ Kxg5 61. Rc8 Qd1+ 62. Kh2 Qd2 63. Rf3 Qd5 64. Rg3+ Kf6 65. Rf3 Qd6+ 66. Kh3 h4 67. Rh8 Qd1 68. Rxh4 Qh1+ 69. Kg3 Qe1+ 70. Kh3 Ke5 71. Rc4 Qh1+ 72. Kg3 1/2-1/2

[Event "Baden-Elsass m"]
[Site "Forst Baden"]
[Date "2001.09.16"]
[Round "?"]
[White "Kettner, Juergen"]
[Black "Moingt, Anne"]
[Result "0-1"]
[WhiteElo "2207"]
[BlackElo "2156"]
[PlyCount "82"]
[EventDate "2001.??.??"]
[EventType "team"]
[EventRounds "1"]
[EventCountry "GER"]
[SourceTitle "EXT 2004"]
[Source "ChessBase"]
[SourceDate "2003.11.25"]
[SourceVersion "1"]
[SourceVersionDate "2003.11.25"]
[SourceQuality "1"]

1. e4 d6 2. d4 Nf6 3. Nc3 Nbd7 4. g3 e5 5. Nge2 Be7 6. Bg2 0-0 7. 0-0 c6 8. a4 Qc7 9. b3 Re8 10. Qd2 b6 11. Re1 Bb7 12. Bb2 Bf8 13. h3 a6 14. g4 h6 15. Kh1 b5 16. Ng3 Rad8 17. axb5 axb5 18. d5 Ra8 19. Nf5 Rxa1 20. Rxa1 Ra8 21. Rxa8 Bxa8 22. dxc6 Bxc6 23. Ba3 Qb7 24. Nd5 Bxd5 25. exd5 Qa6 26. Bb2 Qa2 27. Qc1 Nb6 28. Ne3 Be7 29. Bc3 g6 30. Qf1 h5 31. Qxb5 Qa7 32. Bf3 hxg4 33. hxg4 Kg7 34. Kg2 Nh7 35. Ba5 Nd7 36. Nc4 Ng5 37. Nb6 Nxb6 38. Qxb6 Qa8 39. c4 Qh8 40. Bd1 Qh3+ 41. Kg1 Qd3 0-1

[Event "Baden-ch"]
[Site "Leimen"]
[Date "2001.04.21"]
[Round "9"]
[White "Kettner, Juergen"]
[Black "Schlindwein, Rolf"]
[Result "1/2-1/2"]
[WhiteElo "2215"]
[BlackElo "2441"]
[PlyCount "86"]
[EventDate "2001.04.13"]
[EventType "swiss"]
[EventRounds "9"]
[EventCountry "GER"]
[SourceTitle "CBM 082 Extra"]
[Source "ChessBase"]
[SourceDate "2001.07.03"]
[SourceVersion "1"]
[SourceVersionDate "2001.07.03"]
[SourceQuality "1"]

1. c4 e5 2. Nc3 Nc6 3. g3 d6 4. Bg2 Be6 5. d3 Qd7 6. Rb1 g6 7. b4 Bg7 8. b5 Nd8 9. Nf3 h6 10. 0-0 f5 11. Qc2 Ne7 12. a4 g5 13. Nd2 f4 14. Nde4 0-0 15. Re1 Bh3 16. c5 Bxg2 17. Kxg2 d5 18. c6 bxc6 19. Nc5 Qf5 20. f3 fxg3 21. hxg3 g4 22. f4 exf4 23. Bxf4 d4 24. N3e4 Nd5 25. Bd2 h5 26. Rf1 Qg6 27. bxc6 Nxc6 28. Nd7 Rxf1 29. Rxf1 Nce7 30. Qb3 Kh8 31. Bg5 Qe6 32. Ndc5 Qb6 33. Qa2 Qg6 34. Rf2 Ne3+ 35. Bxe3 dxe3 36. Rf7 Re8 37. Qc4 Nf5 38. Qd5 Nd4 39. Qd7 Rg8 40. Kf1 Qxf7+ 41. Qxf7 Rf8 42. Qxf8+ Bxf8 43. Nd7 Be7 1/2-1/2

[Event "Baden-ch"]
[Site "Leimen"]
[Date "2001.04.14"]
[Round "2"]
[White "Gschnitzer, Oswald"]
[Black "Kettner, Juergen"]
[Result "1-0"]
[WhiteElo "2412"]
[BlackElo "2215"]
[PlyCount "63"]
[EventDate "2001.04.13"]
[EventType "swiss"]
[EventRounds "9"]
[EventCountry "GER"]
[SourceTitle "CBM 082 Extra"]
[Source "ChessBase"]
[SourceDate "2001.07.03"]
[SourceVersion "1"]
[SourceVersionDate "2001.07.03"]
[SourceQuality "1"]

1. c4 e5 2. Nc3 Nf6 3. Nf3 Nc6 4. e3 Bb4 5. Qc2 0-0 6. Be2 Re8 7. 0-0 e4 8. Nd4 Nxd4 9. exd4 d5 10. cxd5 Nxd5 11. Nxd5 Qxd5 12. Qa4 Bh3 13. Qxb4 e3 14. Bf3 Qxf3 15. gxf3 e2 16. Re1 Re6 17. d5 Rg6+ 18. Qg4 Bxg4 19. fxg4 Rxg4+ 20. Kh1 Re8 21. d3 f5 22. Be3 b6 23. Rac1 Ra4 24. Rxc7 f4 25. Bd2 f3 26. Bc3 Rg4 27. d6 Rd8 28. d7 Kf7 29. Rxa7 h5 30. Rg1 Ke6 31. Rxg4 hxg4 32. Kg1 1-0